000 00546nam a22001817a 4500
005 20251108171205.0
008 250721s1985 xx 000 0 ara d
082 1 4 _a210.4301412/محم
100 1 _aرضا، محمد رشيد
245 1 0 _aحقوق النساء في الإسلام :
_bنداء للجنس اللطيف /
250 _aط2
264 1 _aالقاهرة :
_bمكتبة التراث الإسلامي،
_c1985.
300 _a205ص
650 1 7 _aالإسلام
650 1 7 _aالمرأة
942 _2ddc
_cBK
999 _c58905
_d58905